[Event "4NCL Division 3s"]
[Site "Daventry Court ENG"]
[Date "2013.11.17"]
[Round "2.160"]
[White "Stayt, James N"]
[Black "Jarvis, Derek A"]
[Result "0-1"]
[WhiteElo "1987"]
[BlackElo "1859"]
[PlyCount "200"]
[EventDate "2013.11.17"]
[WhiteTeam "BCM Rhinos (2)"]
[BlackTeam "Ashfield-Breadsall"]

1. e4 e6 2. d4 d5 3. Nc3 Nf6 4. e5 Nfd7 5. f4 c5 6. Nf3 Nc6 7. Be3 a6 8. g3 b5
9. Bg2 Qb6 10. Ne2 Bb7 11. O-O Be7 12. dxc5 Bxc5 13. Bxc5 Qxc5+ 14. Ned4 O-O
15. Kh1 Rac8 16. Qd2 Rfe8 17. Nxc6 Rxc6 18. Nd4 Rc7 19. Rae1 g6 20. g4 Bc8 21.
Rf3 Nb6 22. b3 Nd7 23. g5 Nb8 24. Ree3 Nc6 25. Nxc6 Qxc6 26. Rc3 Qb6 27. Rxc7
Qxc7 28. Rc3 Qa5 29. Qd4 Qxa2 30. Rc7 Qa5 31. Qc5 Qe1+ 32. Qg1 Qd2 33. Qf1 Qa5
34. Rc5 Bd7 35. Bf3 Rc8 36. Rxc8+ Bxc8 37. Qf2 Qc7 38. Qd2 a5 39. Be2 Bd7 40.
Bd3 b4 41. Qf2 Bc8 42. Kg1 Kg7 43. Kf1 Bd7 44. Qd4 h5 45. gxh6+ Kxh6 46. f5
exf5 47. Qxd5 Be6 48. Qd4 Kg7 49. Ke2 Qb7 50. Kf2 Qh1 51. Qh4 Qd5 52. Qf4 Qc5+
53. Ke2 Qc3 54. Qe3 Qc6 55. Kf2 Qd5 56. Qf4 Qc5+ 57. Ke2 f6 58. exf6+ Kxf6 59.
Qh4+ Kg7 60. Qg3 Qd5 61. Kf2 Qd4+ 62. Ke2 Kf6 63. Kf1 Qa1+ 64. Kf2 Qd4+ 65. Kf1
g5 66. Qb8 Qa1+ 67. Kf2 Qd4+ 68. Kf1 Qa1+ 69. Kf2 Qd4+ 70. Kf1 Qf4+ 71. Qxf4
gxf4 72. Ke1 Bd5 73. Kd2 Be4 74. Bf1 Kg5 75. c4 Kg4 76. c5 Bc6 77. Ke1 a4 78.
bxa4 Bxa4 79. Bc4 Bc6 80. Bb3 Kh3 81. Kf2 Kxh2 82. Be6 Be4 83. Bb3 Bc6 84. Be6
Kh3 85. Bxf5+ Kh4 86. Be6 Kg5 87. Ke1 Kf6 88. Bc4 Ke5 89. Kd2 Kd4 90. Bf1 Kxc5
91. Kc2 Bb5 92. Bg2 Bc4 93. Kd2 Kd4 94. Bf3 Bd5 95. Bd1 Kc4 96. Be2+ Kb3 97.
Kc1 Kc3 98. Bd1 b3 99. Bc2 b2+ 100. Kb1 Ba2+ 0-1

[Event "4NCL Division 3s"]
[Site "Daventry Court ENG"]
[Date "2013.11.17"]
[Round "2.175"]
[White "Ogunshola, Ben"]
[Black "Lentzos, Ioannis"]
[Result "0-1"]
[WhiteElo "2173"]
[BlackElo "1788"]
[PlyCount "68"]
[EventDate "2013.11.17"]
[WhiteTeam "The Pitstop"]
[BlackTeam "e2e4.org.uk 4"]

1. c4 c5 2. Nc3 Nc6 3. g3 g6 4. Bg2 Bg7 5. Nf3 e5 6. d3 Nge7 7. Nd2 O-O 8. Nf1
a6 9. Ne3 Rb8 10. O-O b5 11. Ned5 d6 12. Rb1 b4 13. Nxe7+ Nxe7 14. Nd5 Bb7 15.
a4 Nxd5 16. cxd5 f5 17. e3 Qe7 18. Qc2 Qf7 19. Qc4 a5 20. f4 exf4 21. gxf4 Ra8
22. Rf2 Rfc8 23. Qb3 Ba6 24. Rc2 Ra7 25. Bd2 Rac7 26. Rbc1 Qe7 27. Kh1 Kh8 28.
Kg1 g5 29. Kh1 gxf4 30. exf4 Bd4 31. Re1 Qh4 32. Re6 Rg7 33. Be1 Qxf4 34. Bg3
Rxg3 0-1

[Event "4NCL Division 3s"]
[Site "Daventry Court ENG"]
[Date "2013.11.17"]
[Round "2.185"]
[White "Burrows, Nick"]
[Black "Zhang, Anthony Y"]
[Result "1-0"]
[WhiteElo "1831"]
[BlackElo "1872"]
[PlyCount "135"]
[EventDate "2013.11.17"]
[WhiteTeam "Oxford 3"]
[BlackTeam "Sandhurst Scorpions"]

1. Nf3 Nf6 2. c4 g6 3. g3 Bg7 4. Bg2 O-O 5. O-O d6 6. d4 c6 7. Nc3 Qa5 8. e4
Bg4 9. h3 Bxf3 10. Bxf3 Nfd7 11. Be3 a6 12. Qd2 Kh8 13. Rfd1 c5 14. Nd5 Qxd2
15. Rxd2 cxd4 16. Bxd4 Bxd4 17. Rxd4 Nc6 18. Rdd1 a5 19. Bg2 Rac8 20. Rac1 Rfe8
21. a3 a4 22. f4 Na5 23. Bf1 f6 24. Kf2 Nc5 25. Kf3 Nab3 26. Rc3 Rc6 27. Nb4
Rcc8 28. Nd5 Na5 29. h4 Kg7 30. Bh3 e6 31. Ne3 Rcd8 32. Nc2 Nc6 33. Ne3 e5 34.
f5 Nd4+ 35. Kg2 Nxe4 36. Rcd3 g5 37. Nd5 Rc8 38. Ne3 gxh4 39. gxh4 Kf7 40. Kf1
h5 41. Bg2 Ng3+ 42. Kf2 Ngxf5 43. Nxf5 Nxf5 44. Bh3 e4 45. Rd5 e3+ 46. Ke1 e2
47. Rc1 Nxh4 48. Bxc8 Nf3+ 49. Kf2 e1=Q+ 50. Rxe1 Nxe1 51. Bf5 Ng2 52. Kxg2
Re2+ 53. Kg3 Rxb2 54. Rxd6 Ra2 55. Rd7+ Ke8 56. Rd3 Ke7 57. Bd7 Rc2 58. Bb5 b6
59. Kh4 Rh2+ 60. Rh3 Rxh3+ 61. Kxh3 f5 62. Bxa4 Kd6 63. Kh4 Kc5 64. Bb5 f4 65.
a4 Kb4 66. Be8 Kxc4 67. Bxh5 Kd4 68. Be2 1-0

[Event "4NCL Division 3s"]
[Site "Daventry Court ENG"]
[Date "2013.11.17"]
[Round "2.188"]
[White "Golding, James"]
[Black "Henbest, Kevin B"]
[Result "1-0"]
[WhiteElo "1499"]
[BlackElo "1709"]
[PlyCount "93"]
[EventDate "2013.11.17"]
[WhiteTeam "Sandhurst Scorpions"]
[BlackTeam "Oxford 3"]

1. d4 Nf6 2. c4 g6 3. f3 Bg7 4. Nc3 O-O 5. e4 d6 6. Be3 b6 7. Qd2 Re8 8. O-O-O
Na6 9. a3 c5 10. d5 Nc7 11. Bd3 a6 12. Nge2 Rb8 13. Bh6 Bh8 14. h4 b5 15. h5
bxc4 16. Bxc4 Nb5 17. hxg6 fxg6 18. Rh2 Nxc3 19. Nxc3 Qa5 20. g4 Nd7 21. f4 Nb6
22. Ba2 Na4 23. Nxa4 Qxa4 24. Qd3 Bd4 25. Qh3 Qb5 26. Rdd2 e5 27. dxe6 Bxe6 28.
Bxe6+ Rxe6 29. Rhe2 Qc4+ 30. Rc2 Bxb2+ 31. Kd1 Qa4 32. Qd3 Bd4 33. f5 Rb1+ 34.
Bc1 gxf5 35. gxf5 Rh6 36. Re1 Rh2 37. Qg3+ Kh8 38. Qxh2 Qxa3 39. Qe2 Qb3 40.
Qxa6 Bb2 41. Qc8+ Kg7 42. Rg1+ Kf6 43. Qh8+ Ke7 44. Qxh7+ Kf6 45. Rg6+ Ke5 46.
Qe7+ Kd4 47. Rxd6+ 1-0

[Event "4NCL Division 3s"]
[Site "Daventry Court ENG"]
[Date "2013.11.17"]
[Round "2.189"]
[White "Biswas, Karl"]
[Black "Samadov, Samir"]
[Result "1/2-1/2"]
[WhiteElo "1748"]
[BlackElo "1594"]
[PlyCount "34"]
[EventDate "2013.11.17"]
[WhiteTeam "Oxford 3"]
[BlackTeam "Sandhurst Scorpions"]

1. e4 e6 2. d4 d5 3. Nd2 c5 4. exd5 exd5 5. c3 Nc6 6. dxc5 Bxc5 7. Nb3 Bb6 8.
Nf3 Nge7 9. Bd3 Bg4 10. O-O f6 11. Re1 Bh5 12. Qe2 Ne5 13. Bb5+ Kf8 14. Nbd4
Bxd4 15. cxd4 Nxf3+ 16. gxf3 a6 17. Bd2 a5 1/2-1/2

[Event "4NCL Division 3s"]
[Site "Daventry Court ENG"]
[Date "2013.11.17"]
[Round "2.195"]
[White "Basham, Edward P"]
[Black "Bansal, Rohan"]
[Result "0-1"]
[WhiteElo "1878"]
[BlackElo "1839"]
[PlyCount "116"]
[EventDate "2013.11.17"]
[WhiteTeam "Bucks Juniors"]
[BlackTeam "KJCA Knights"]

1. e4 Nc6 2. d4 d5 3. e5 Bf5 4. Nf3 e6 5. Nc3 Bb4 6. Bd3 Nge7 7. O-O Bg4 8. Be3
Nf5 9. Bxf5 Bxf5 10. Ne2 Qd7 11. a3 Be7 12. b4 f6 13. Bf4 Bg4 14. Qd3 O-O-O 15.
Rfd1 Rhf8 16. c4 Bxf3 17. gxf3 g5 18. exf6 Bxf6 19. Bg3 h5 20. b5 Na5 21. cxd5
exd5 22. Rac1 Nc4 23. Qb3 h4 24. Be5 Bxe5 25. dxe5 Nxe5 26. Nd4 Nxf3+ 27. Nxf3
Qg4+ 28. Kh1 Qxf3+ 29. Qxf3 Rxf3 30. Rc5 Rf5 31. Kg2 b6 32. Rc6 Rdf8 33. Rd2
Kb7 34. a4 g4 35. Rdc2 R8f7 36. Re2 Rf3 37. Rg6 h3+ 38. Kf1 R7f4 39. Rg5 d4 40.
Rg8 d3 41. Ree8 Rxf2+ 42. Ke1 Re2+ 43. Rxe2 dxe2 44. Kxe2 Rxa4 45. Kf2 Ra2+ 46.
Kg3 Rg2+ 47. Kf4 Rxh2 48. Rxg4 Rb2 49. Rg5 h2 50. Rh5 Rxb5 51. Rxh2 a5 52. Ke4
a4 53. Kd4 Rb3 54. Ra2 b5 55. Kc5 a3 56. Ra1 b4 57. Kc4 Rb2 58. Kc5 a2 0-1

[Event "4NCL Division 3s"]
[Site "Daventry Court ENG"]
[Date "2013.11.17"]
[Round "2.196"]
[White "Anilkumar, Anantha P (jnr)"]
[Black "Watson, Darrell A"]
[Result "1-0"]
[WhiteElo "1706"]
[BlackElo "1711"]
[PlyCount "117"]
[EventDate "2013.11.17"]
[WhiteTeam "KJCA Knights"]
[BlackTeam "Bucks Juniors"]

1. e4 c5 2. Nf3 d6 3. d4 cxd4 4. Nxd4 Nf6 5. Nc3 a6 6. f3 e5 7. Nb3 Be6 8. Be3
Be7 9. Qd2 Nbd7 10. g4 h6 11. O-O-O b5 12. h4 b4 13. Nd5 Bxd5 14. exd5 a5 15.
Na1 Nb6 16. Bb5+ Kf8 17. Bc6 Nc4 18. Qe2 Nxe3 19. Qxe3 Rb8 20. Kb1 Nd7 21. Bxd7
Qxd7 22. f4 Bf6 23. f5 Bd8 24. Qe4 a4 25. g5 h5 26. Rd3 Bb6 27. Qxb4 Ke7 28.
Qe4 Qa7 29. f6+ gxf6 30. gxf6+ Kd8 31. Ra3 Bd4 32. c3 Qb6 33. Qc2 Rc8 34. Qxa4
Rxc3 35. Rxc3 Bxc3 36. Nb3 Qf2 37. Qa8+ Kd7 38. Qc6+ Kd8 39. Qxd6+ Kc8 40. Qc6+
Kb8 41. Qxc3 Qxf6 42. Qb4+ Ka7 43. Qc5+ Qb6 44. Qe7+ Qb7 45. Qxe5 Rd8 46. Rd1
Qd7 47. Qd4+ Ka8 48. Nc5 Qb5 49. Qa4+ Qxa4 50. Nxa4 f5 51. Nc3 f4 52. Rf1 Rf8
53. Rf3 Kb7 54. Ne2 Kc7 55. Rxf4 Re8 56. Nc3 Kd6 57. Kc2 Rg8 58. Rf5 Rg2+ 59.
Kb3 1-0

[Event "4NCL Division 3s"]
[Site "Daventry Court ENG"]
[Date "2013.11.17"]
[Round "2.205"]
[White "Dekker, Alain S"]
[Black "Ukken, Somton"]
[Result "1/2-1/2"]
[WhiteElo "2064"]
[BlackElo "1915"]
[PlyCount "34"]
[EventDate "2013.11.17"]
[WhiteTeam "BCM Bison (4)"]
[BlackTeam "Midland Monarchs"]

1. e4 c5 2. Nf3 g6 3. Bc4 Nc6 4. a4 Bg7 5. O-O Nf6 6. d3 d5 7. exd5 Nxd5 8. h3
O-O 9. c3 h6 10. Qe2 e6 11. Bb3 b6 12. Bc2 Qc7 13. Na3 a6 14. Rd1 Bb7 15. Bd2
Rad8 16. Rac1 Kh7 17. Bb1 Na5 1/2-1/2

[Event "4NCL Division 3s"]
[Site "Daventry Court ENG"]
[Date "2013.11.17"]
[Round "2.206"]
[White "Mirza, Gabriel"]
[Black "Head, Louise"]
[Result "1/2-1/2"]
[WhiteElo "1750"]
[BlackElo "1777"]
[PlyCount "44"]
[EventDate "2013.11.17"]
[WhiteTeam "Midland Monarchs"]
[BlackTeam "BCM Bison (4)"]

1. Nf3 f5 2. c4 Nf6 3. g3 d6 4. d4 e6 5. Bg2 Be7 6. O-O O-O 7. b4 Ne4 8. Nbd2
Bf6 9. Bb2 Nc6 10. b5 Ne7 11. Qb3 Kh8 12. h4 Nxd2 13. Nxd2 f4 14. Ne4 Nf5 15.
Nxf6 Rxf6 16. Kh2 Rh6 17. Rh1 fxg3+ 18. fxg3 Rg6 19. e4 Rxg3 20. Qxg3 Nxg3 21.
Kxg3 Qe8 22. h5 Qe7 1/2-1/2

[Event "4NCL Division 3s"]
[Site "Daventry Court ENG"]
[Date "2013.11.17"]
[Round "2.99"]
[White "Cresswell, Mike J"]
[Black "Jina, Taran"]
[Result "0-1"]
[WhiteElo "1774"]
[BlackElo "1674"]
[PlyCount "50"]
[EventDate "2013.11.17"]

1. e4 d5 2. d4 dxe4 3. Nc3 Nf6 4. f3 exf3 5. Nxf3 Bg4 6. Be2 c6 7. O-O e6 8.
Ne5 Bxe2 9. Nxe2 Nbd7 10. Nd3 Bd6 11. Nf2 h6 12. c3 O-O 13. Qc2 Qc7 14. g3 Rae8
15. Ne4 Nxe4 16. Qxe4 f5 17. Qg2 Nf6 18. Nf4 Kh7 19. Re1 e5 20. dxe5 Bc5+ 21.
Kh1 Rxe5 22. Rxe5 Qxe5 23. Nd3 Qd6 24. Qf3 Ng4 25. Bf4 Qxd3 0-1

[Event "4NCL Division 3s"]
[Site "Daventry Court ENG"]
[Date "2013.11.17"]
[Round "2.99"]
[White "Edgell, Ben P"]
[Black "Willmoth, Rob"]
[Result "0-1"]
[WhiteElo "2100"]
[BlackElo "2151"]
[PlyCount "128"]
[EventDate "2013.11.17"]

1. Nf3 d6 2. d4 Bg4 3. e4 Nf6 4. Nc3 c6 5. Be2 e6 6. Bg5 Be7 7. Qd2 d5 8. exd5
Bxf3 9. Bxf3 cxd5 10. O-O Nc6 11. Bf4 Qb6 12. Rfd1 Rc8 13. Na4 Qa5 14. Nc3 Bb4
15. Qd3 Bxc3 16. bxc3 Qa4 17. Rdb1 b6 18. Be2 O-O 19. f3 Qa3 20. Bc1 Qd6 21. a4
Rfd8 22. Ba3 Qc7 23. Qe3 Ne8 24. Ba6 Ra8 25. Bd3 Na5 26. f4 Nc4 27. Qh3 Nf6 28.
Bc1 Nd6 29. Rb3 Nfe4 30. Ba3 f5 31. Bxd6 Rxd6 32. Bxe4 dxe4 33. Qe3 Rc6 34. g3
Rc8 35. Raa3 Rc4 36. a5 bxa5 37. Rb5 a4 38. Rc5 Rxc5 39. dxc5 Qxc5 40. Qxc5
Rxc5 41. Rxa4 Rxc3 42. Ra2 a5 43. Rxa5 Rxc2 44. g4 g6 45. g5 Rc7 46. Kf2 Kf7
47. Ra8 Re7 48. Ke3 e5 49. fxe5 Rxe5 50. Rh8 Kg7 51. Ra8 Re7 52. Ra3 h6 53. h4
hxg5 54. hxg5 Re6 55. Ra7+ Kf8 56. Ra8+ Ke7 57. Ra7+ Kd6 58. Rf7 Ke5 59. Rf8
Re7 60. Rf6 Ra7 61. Rxg6 f4+ 62. Kf2 Ra2+ 63. Kg1 Kf5 64. Rg8 Ra6 0-1

[Event "4NCL Division 3s"]
[Site "Daventry Court ENG"]
[Date "2013.11.17"]
[Round "2.99"]
[White "Cavendish, Joshua Z"]
[Black "Dydak, Mateusz"]
[Result "0-1"]
[WhiteElo "1692"]
[BlackElo "1904"]
[PlyCount "62"]
[EventDate "2013.11.17"]

1. e4 e6 2. d3 d5 3. Nd2 e5 4. Ngf3 Bg4 5. Be2 Nc6 6. O-O Nf6 7. Re1 dxe4 8.
Nxe4 Nxe4 9. dxe4 Qxd1 10. Bxd1 Rd8 11. Be3 f6 12. c3 a6 13. Bb3 Na5 14. Nd2
Nxb3 15. Nxb3 b6 16. f3 Be6 17. Rac1 Be7 18. c4 Bb4 19. Re2 Rd3 20. c5 Bxb3 21.
axb3 b5 22. c6 Rxe3 23. Rxe3 Bd2 24. Rcc3 Bxe3+ 25. Rxe3 Ke7 26. Rd3 Rd8 27.
Rc3 Rd2 28. b4 Kd6 29. Ra3 Rxb2 30. Rxa6 Rxb4 31. Kf2 Ra4 0-1

[Event "4NCL Division 3s"]
[Site "Daventry Court ENG"]
[Date "2013.11.17"]
[Round "2.99"]
[White "Parry, Matt"]
[Black "Klingher, Dominic"]
[Result "1/2-1/2"]
[WhiteElo "2500"]
[BlackElo "1821"]
[PlyCount "92"]
[EventDate "2013.11.17"]

1. d4 d5 2. c4 e6 3. Nc3 Nf6 4. cxd5 exd5 5. Bg5 Nbd7 6. e3 c6 7. Bd3 Be7 8.
Nf3 O-O 9. O-O Re8 10. a3 Ne4 11. Bxe7 Qxe7 12. Qc2 Ndf6 13. b4 h5 14. Ne5 a6
15. Rab1 h4 16. h3 g5 17. Nxe4 Nxe4 18. Bxe4 dxe4 19. Qxe4 f6 20. Qg6+ Kf8 21.
Ng4 Bxg4 22. hxg4 Qg7 23. Qxg7+ Kxg7 24. Rb3 Rad8 25. f3 Rh8 26. Kf2 Kf7 27.
Rd3 Rh6 28. e4 h3 29. Rh1 Rdh8 30. gxh3 Rxh3 31. Rxh3 Rxh3 32. Ke3 Rh8 33. a4
Ke6 34. Rb3 Kd6 35. b5 axb5 36. axb5 Re8 37. Rb2 c5 38. d5 Ra8 39. Rb3 c4 40.
Rc3 Kc5 41. f4 Kxb5 42. fxg5 fxg5 43. Kd4 Ra1 44. Rc2 Rd1+ 45. Ke3 Kc5 46. Rd2
Rxd2 1/2-1/2

[Event "4NCL Division 3s"]
[Site "Daventry Court ENG"]
[Date "2013.11.17"]
[Round "2.99"]
[White "Hung, Jake"]
[Black "Richardt, Mike"]
[Result "1/2-1/2"]
[WhiteElo "1671"]
[BlackElo "1967"]
[PlyCount "114"]
[EventDate "2013.11.17"]

1. c4 e5 2. g3 Nf6 3. Bg2 d5 4. cxd5 Nxd5 5. Nc3 Nb6 6. d3 Nc6 7. Nf3 Be7 8.
O-O O-O 9. b3 Be6 10. Bb2 f6 11. e3 Re8 12. d4 exd4 13. Nxd4 Nxd4 14. Qxd4 Qxd4
15. exd4 c6 16. Rfe1 Bb4 17. Re3 Kf7 18. a3 Bxc3 19. Rxc3 Bd5 20. Bxd5+ Nxd5
21. Rc2 Re4 22. Rd1 Rae8 23. Rdd2 g5 24. h3 h5 25. b4 a6 26. Kf1 Re1+ 27. Kg2
g4 28. Rc1 f5 29. hxg4 hxg4 30. Rxe1 Rxe1 31. f3 gxf3+ 32. Kxf3 Re3+ 33. Kf2
Ke6 34. Re2 Rxe2+ 35. Kxe2 Nf6 36. Kf3 Kd5 37. Kf4 Ne4 38. Kxf5 Nxg3+ 39. Kf4
Nf1 40. a4 b5 41. axb5 axb5 42. Kf3 Kc4 43. Ke4 Nd2+ 44. Ke5 Nb3 45. Ke4 Nd2+
46. Ke5 Kxb4 47. Bc1 Nc4+ 48. Ke6 Kc3 49. d5 cxd5 50. Kxd5 b4 51. Bh6 Nb2 52.
Bg7+ Kc2 53. Kc5 b3 54. Bh8 Nd1 55. Kb4 Nc3 56. Bxc3 b2 57. Bxb2 Kxb2 1/2-1/2

[Event "4NCL Division 3s"]
[Site "Daventry Court ENG"]
[Date "2013.11.17"]
[Round "2.99"]
[White "Davies, Matthew"]
[Black "Balouka-Myers, Gabriel"]
[Result "1-0"]
[WhiteElo "1935"]
[BlackElo "1589"]
[PlyCount "51"]
[EventDate "2013.11.17"]

1. d4 d5 2. c4 e6 3. Nc3 c5 4. cxd5 exd5 5. Nf3 Nc6 6. g3 Bf5 7. Bg5 Be7 8.
Bxe7 Ngxe7 9. Bg2 c4 10. O-O Qa5 11. a3 f6 12. Nh4 Be6 13. e3 O-O-O 14. Na4 g5
15. Nf3 Kb8 16. b3 cxb3 17. Qxb3 h5 18. Nc5 Bc8 19. Rfb1 b6 20. Qb2 h4 21. Nd2
hxg3 22. hxg3 Bh3 23. Ndb3 Qb5 24. a4 Qc4 25. Nd2 Qe2 26. Bf3 1-0

[Event "4NCL Division 3s"]
[Site "Daventry Court ENG"]
[Date "2013.11.17"]
[Round "2.225"]
[White "Ireland, David J"]
[Black "Smart, Michael R"]
[Result "0-1"]
[WhiteElo "1930"]
[BlackElo "2023"]
[PlyCount "88"]
[EventDate "2013.11.17"]
[WhiteTeam "Throw in the Tal"]
[BlackTeam "Guildford 4"]

1. e4 Nf6 2. e5 Nd5 3. d4 d6 4. Bc4 e6 5. Nf3 Nb6 6. Bd3 Nc6 7. O-O Be7 8. Qe2
Nb4 9. Rd1 Nxd3 10. Rxd3 d5 11. Nbd2 Bd7 12. Re3 O-O 13. Ne1 f6 14. f4 fxe5 15.
fxe5 c5 16. c3 cxd4 17. cxd4 Rc8 18. Rh3 Qe8 19. Qd3 Rf5 20. g4 Qg6 21. Rg3 Rf4
22. Qxg6 hxg6 23. Ndf3 Re4 24. Bd2 Nc4 25. Bc3 b5 26. a3 a5 27. Nd3 a4 28. Bb4
Bxb4 29. axb4 Re2 30. Nc5 Rxc5 31. dxc5 Rxb2 32. Rg2 Rxb4 33. Rc2 Na5 34. h3
Rf4 35. Kg2 b4 36. Kg3 Rc4 37. Rf2 Rxc5 38. Ng5 Rc8 39. Raf1 Nc4 40. Rf7 Nxe5
41. Re7 b3 42. Re1 b2 43. Rxe5 b1=Q 44. Rxd7 Qg1+ 0-1

[Event "4NCL Division 3s"]
[Site "Daventry Court ENG"]
[Date "2013.11.17"]
[Round "2.228"]
[White "Stimpson, Philip M"]
[Black "Pink, Joshua"]
[Result "1/2-1/2"]
[WhiteElo "2007"]
[BlackElo "1785"]
[PlyCount "57"]
[EventDate "2013.11.17"]
[WhiteTeam "Guildford 4"]
[BlackTeam "Throw in the Tal"]

1. e4 d6 2. d4 f5 3. Nc3 Nf6 4. Bd3 Nc6 5. Nf3 fxe4 6. Nxe4 Nxe4 7. Bxe4 d5 8.
Bd3 g6 9. O-O Bg7 10. c3 O-O 11. h3 e5 12. dxe5 Nxe5 13. Nxe5 Bxe5 14. Bh6 Bg7
15. Qd2 Bxh6 16. Qxh6 Bf5 17. Rad1 c6 18. Rfe1 Qf6 19. Qf4 Bxd3 20. Qxf6 Rxf6
21. Rxd3 Raf8 22. Re2 R8f7 23. Rde3 Rd7 24. Kf1 Kf7 25. Ke1 Rfd6 26. Rf3+ Rf6
27. Rd3 Re6 28. Rf3+ Rf6 29. Rfe3 1/2-1/2

[Event "4NCL Division 3s"]
[Site "Daventry Court ENG"]
[Date "2013.11.17"]
[Round "2.235"]
[White "Truran, Michael C"]
[Black "Moore, Gerald"]
[Result "1/2-1/2"]
[WhiteElo "2179"]
[BlackElo "2225"]
[PlyCount "53"]
[EventDate "2013.11.17"]
[WhiteTeam "Witney"]
[BlackTeam "Broadland"]

1. d4 d6 2. e4 g6 3. c4 Bg7 4. Nc3 e5 5. d5 a5 6. g4 Na6 7. Bd3 Bh6 8. Bxh6
Nxh6 9. h3 f6 10. Qd2 Nf7 11. O-O-O h5 12. gxh5 Rxh5 13. Qe3 Qe7 14. Nge2 Bd7
15. Rdg1 Rh6 16. h4 Nc5 17. h5 g5 18. Bc2 Rh8 19. Ng3 Nh6 20. b3 b6 21. Kb2 Kf7
22. a3 Ra7 23. Ra1 Rha8 24. Nb5 Bxb5 25. cxb5 Qd7 26. a4 Rh8 27. Rag1 1/2-1/2

[Event "4NCL Division 3s"]
[Site "Daventry Court ENG"]
[Date "2013.11.17"]
[Round "2.236"]
[White "McEwan, Ken B"]
[Black "Asenov, Pavel"]
[Result "1-0"]
[WhiteElo "2089"]
[BlackElo "1896"]
[PlyCount "71"]
[EventDate "2013.11.17"]
[WhiteTeam "Broadland"]
[BlackTeam "Witney"]

1. d4 g6 2. Bf4 Bg7 3. e3 Nf6 4. h3 O-O 5. Nf3 d6 6. Be2 Nbd7 7. Bh2 b6 8. O-O
Bb7 9. c3 Re8 10. a4 e5 11. a5 e4 12. Nfd2 Qe7 13. Na3 a6 14. axb6 Nxb6 15.
Nac4 Nxc4 16. Nxc4 Bc8 17. Qc2 Bd7 18. Ra5 Bb5 19. Rfa1 Reb8 20. b4 Nd5 21.
R1a3 Qe6 22. Nb2 Bxe2 23. Qxe2 c5 24. bxc5 dxc5 25. Bxb8 Rxb8 26. Rxa6 Qc8 27.
Qc4 Nc7 28. Ra7 Rxb2 29. Qxc5 Bf8 30. Rxc7 Rb1+ 31. Kh2 Qb8 32. Ra8 Qxa8 33.
Rc8 Qxc8 34. Qxc8 Kg7 35. g3 Rc1 36. Qc4 1-0

[Event "4NCL Division 3s"]
[Site "Daventry Court ENG"]
[Date "2013.11.17"]
[Round "2.245"]
[White "Thomas, Rik H"]
[Black "Hopkins, Phil"]
[Result "1-0"]
[WhiteElo "2185"]
[BlackElo "2016"]
[PlyCount "117"]
[EventDate "2013.11.17"]
[WhiteTeam "Kings Head 2"]
[BlackTeam "Anglian Avengers 3"]

1. Nf3 d5 2. g3 Nf6 3. Bg2 c5 4. O-O Nc6 5. d4 Bf5 6. c4 e6 7. Nc3 h6 8. cxd5
exd5 9. Bf4 Be4 10. dxc5 Bxc5 11. Rc1 Bb6 12. Nxe4 dxe4 13. Ne5 Qxd1 14. Rfxd1
Nd4 15. Kf1 Ne6 16. Nc4 O-O 17. Bd6 Rfe8 18. Nxb6 axb6 19. a3 Rad8 20. h3 Rc8
21. Be5 Rxc1 22. Rxc1 Nd7 23. Bc3 f5 24. Rd1 Rd8 25. h4 h5 26. f3 Ndc5 27.
Rxd8+ Nxd8 28. fxe4 Nxe4 29. Bxe4 fxe4 30. Kf2 Nf7 31. Ke3 Nd6 32. Kf4 Kf7 33.
Ke5 Nc4+ 34. Kxe4 g6 35. Kd4 Nd6 36. e4 Ke6 37. a4 Nf7 38. Bd2 Ne5 39. Bf4 Nd7
40. b4 Nf6 41. Bc7 Nd7 42. Ke3 Kf6 43. Kd4 b5 44. axb5 Nf8 45. e5+ Kf7 46. Bd6
Ne6+ 47. Ke4 g5 48. Kf5 gxh4 49. gxh4 Ng7+ 50. Kg5 Ke6 51. Kg6 Nf5 52. Kxh5
Nxd6 53. exd6 Kxd6 54. Kg6 Kd5 55. h5 Kc4 56. h6 Kxb4 57. h7 Kxb5 58. h8=Q b6
59. Qb2+ 1-0

[Event "4NCL Division 3s"]
[Site "Daventry Court ENG"]
[Date "2013.11.17"]
[Round "2.246"]
[White "Fogg, Martin"]
[Black "Wittmann, Jochen"]
[Result "0-1"]
[WhiteElo "1940"]
[BlackElo "2134"]
[PlyCount "40"]
[EventDate "2013.11.17"]
[WhiteTeam "Anglian Avengers 3"]
[BlackTeam "Kings Head 2"]

1. e4 e5 2. Nf3 Nc6 3. Bb5 f5 4. d3 fxe4 5. dxe4 Nf6 6. O-O Bc5 7. Bg5 d6 8. h3
O-O 9. Bc4+ Kh8 10. Nc3 Ne7 11. Qe2 Qe8 12. Nh4 h6 13. Bxf6 Rxf6 14. Nd5 Nxd5
15. exd5 g5 16. Nf3 g4 17. hxg4 Bxg4 18. Bd3 Bxf3 19. gxf3 Qh5 20. Qe4 Rg8+ 0-1

[Event "4NCL Division 3s"]
[Site "Daventry Court ENG"]
[Date "2013.11.17"]
[Round "2.247"]
[White "Mackenzie, Colin"]
[Black "Bucknell, Malcolm Gordon"]
[Result "1/2-1/2"]
[WhiteElo "2093"]
[BlackElo "1940"]
[PlyCount "33"]
[EventDate "2013.11.17"]
[WhiteTeam "Kings Head 2"]
[BlackTeam "Anglian Avengers 3"]

1. c4 b6 2. Nc3 Bb7 3. d3 e6 4. e4 Bb4 5. Nge2 Ne7 6. Bd2 Nbc6 7. a3 Bxc3 8.
Bxc3 O-O 9. g3 e5 10. Bg2 d6 11. O-O Rb8 12. b4 Qe8 13. b5 Nd8 14. f4 f6 15. f5
c6 16. a4 a6 17. bxa6 1/2-1/2

[Event "4NCL Division 3s"]
[Site "Daventry Court ENG"]
[Date "2013.11.17"]
[Round "2.248"]
[White "Hall, Antony C"]
[Black "Davey, Mark"]
[Result "0-1"]
[WhiteElo "2000"]
[BlackElo "1982"]
[PlyCount "86"]
[EventDate "2013.11.17"]
[WhiteTeam "Anglian Avengers 3"]
[BlackTeam "Kings Head 2"]

1. e4 c5 2. Nc3 Nc6 3. g3 g6 4. Bg2 Bg7 5. Nge2 d6 6. O-O Bg4 7. f3 Bd7 8. d3
Rb8 9. Be3 Nd4 10. Rb1 e6 11. Qd2 Ne7 12. Nd1 f5 13. c3 Nxe2+ 14. Qxe2 O-O 15.
Nf2 b6 16. Qd2 Qc7 17. Rbd1 Rbe8 18. d4 c4 19. Rfe1 d5 20. Bf4 Qb7 21. exd5
Nxd5 22. Bd6 Rf7 23. f4 Bc6 24. Nh3 h6 25. Re2 Rd7 26. Be5 Ree7 27. Bxg7 Kxg7
28. Re5 Nf6 29. Bxc6 Qxc6 30. Qe2 Ng4 31. Re1 Nxe5 32. fxe5 b5 33. a3 a5 34.
Nf4 b4 35. axb4 axb4 36. h4 bxc3 37. bxc3 Rb7 38. g4 Kh7 39. h5 g5 40. Ng6 Rf7
41. Qc2 Qf3 42. Qd1 Qg3+ 43. Kh1 Rb2 0-1

[Event "4NCL Division 3s"]
[Site "Daventry Court ENG"]
[Date "2013.11.17"]
[Round "2.249"]
[White "Gilfillan, Andrew"]
[Black "Peck, Silas"]
[Result "1-0"]
[WhiteElo "1929"]
[BlackElo "1808"]
[PlyCount "43"]
[EventDate "2013.11.17"]
[WhiteTeam "Kings Head 2"]
[BlackTeam "Anglian Avengers 3"]

1. f4 d5 2. e3 Nf6 3. Nf3 c5 4. b3 Nc6 5. Bb2 Bf5 6. Bb5 e6 7. O-O Be7 8. Ne5
Qb6 9. a4 O-O 10. Bxc6 bxc6 11. g4 Bg6 12. g5 Nh5 13. Nd7 Qb4 14. Nxf8 Rxf8 15.
d3 f6 16. Qg4 fxg5 17. Qxe6+ Rf7 18. Bc3 Qb8 19. f5 Bd6 20. fxg6 Bxh2+ 21. Kh1
Ng3+ 22. Kg2 1-0

[Event "4NCL Division 3s"]
[Site "Daventry Court ENG"]
[Date "2013.11.17"]
[Round "2.1"]
[White "Donaghay, Richard H"]
[Black "Henderson, Ian R"]
[Result "1/2-1/2"]
[WhiteElo "1969"]
[BlackElo "2059"]
[PlyCount "83"]
[EventDate "2013.11.17"]
[WhiteTeam "Iceni 2"]
[BlackTeam "Surbiton"]

1. e4 d5 2. exd5 Nf6 3. Bb5+ Bd7 4. Bc4 b5 5. Be2 Nxd5 6. d4 a6 7. Nf3 Bf5 8.
c3 e6 9. O-O Nc6 10. a4 Be7 11. axb5 axb5 12. Rxa8 Qxa8 13. Bxb5 O-O 14. Bd3
Bxd3 15. Qxd3 Qa2 16. Nbd2 Na5 17. Qa6 Nb6 18. Qd3 Rd8 19. Re1 Bf8 20. Ne4 Be7
21. Neg5 g6 22. Ne5 Rf8 23. b4 Nac4 24. Nc6 Bf6 25. Qh3 h5 26. Ne4 Nd7 27.
Nxf6+ Nxf6 28. Qf3 Kg7 29. Qf4 Rh8 30. Qxc7 Qc2 31. Nd8 Rxd8 32. Qxd8 Qxc3 33.
Rf1 Qxb4 34. Bg5 Nd5 35. h4 Qb2 36. Bh6+ Kh7 37. Be3 Qc2 38. Qg5 Qe4 39. Qh6+
Kg8 40. Qg5 Ncxe3 41. fxe3 Qxe3+ 42. Qxe3 1/2-1/2